000 00495nam a2200181 a 4500
001 000035895
005 20200930074712.0
008 111115s1973 fr 000 0 fre d
040 _aDO-SdBNP
_bspa
_cBNPHU
082 _axxx
_bF263i
100 1 _aFaulkner, William,
_d1897-1962
_99781
240 1 0 _aIntruder in the dust
_lespañol
245 1 0 _aL´intrus /
_cWilliam Faulkner.
260 _aParis :
_bGallimard,
_c1973.
300 _a306 p. ;
_c18 cm.
490 1 _aFolio
830 0 _aFolio
_94233
999 _c35386
_d35386